[Event "Komotini op"]
[Site "Komotini"]
[Date "1992.??.??"]
[Round "?"]
[White "Kofidis, Andreas"]
[Black "Smirin, Ilia"]
[Result "0-1"]
[WhiteElo "2350"]
[BlackElo "2555"]

1.e4 c5 2.Nf3 d6 3.d4 cxd4 4.Nxd4 Nf6 5.Nc3 a6 6.f4 Nbd7 7.Bd3 g6 8.Nf3 Nc5
9.O-O Bg7 10.Kh1 O-O 11.Bd2 b5 12.a3 Bb7 13.Qe2 Rc8 14.Rae1 e6 15.Ng5 e5
16.Qf2 h6 17.Nf3 d5 18.Nxe5 dxe4 19.Be3 Nxd3 20.cxd3 exd3 21.Bc5 Re8 22.b4 Nd7
23.Bd4 Nxe5 24.fxe5 Qd7 25.Ne4 Rc2 26.Qe3 Bxe4 27.Qxe4 Rc4 28.e6 Rxe6 29.Qa8+ Rc8
30.Qf3 Rxe1 31.Rxe1  0-1

[Event "Manila ol (Men)"]
[Site "Manila"]
[Date "1992.??.??"]
[Round "?"]
[White "Bologan, Viktor"]
[Black "Smirin, Ilia"]
[Result "0-1"]
[WhiteElo "2585"]
[BlackElo "2545"]

1.e4 c5 2.Nf3 Nc6 3.d4 cxd4 4.Nxd4 Nf6 5.Nc3 d6 6.Bg5 Bd7 7.Qd2 Rc8 8.Nb3 h6
9.Bxf6 gxf6 10.f4 f5 11.exf5 Bxf5 12.Nd5 Bg7 13.c3 Be4 14.Ne3 a5 15.Bd3 Bxd3
16.Qxd3 a4 17.Nd2 e6 18.O-O O-O 19.Rad1 d5 20.Nf3 Qb6 21.Rf2 a3 22.b3 Nb4
23.cxb4 Rc3 24.Qd2 Qxe3 25.Qxe3 Rxe3 26.Rc2 Re4 27.g3 Rxb4 28.Rc7 Rd8 29.Kf2 Bf8
30.Rdc1 Bd6 31.Rc8 Rxc8 32.Rxc8+ Kg7 33.Ke3 h5 34.Nd4 h4 35.Kd3 Kf6 36.Rh8 hxg3
37.hxg3 Bc5 38.Nc2 Re4 39.Rb8 b6 40.Rg8 Ke7 41.Kd2 b5 42.Kd3 b4 43.Rb8 Kf6
44.Rg8 Bf2 45.Rg5 Ke7 46.Rg8 f6 47.Rg7+ Kf8 48.Rb7 f5 49.Rxb4 Ke7 50.Rxe4 fxe4+
51.Ke2 Bxg3 52.Ke3 Kf6 53.b4 Bh2 54.Nxa3 Kf5 55.Nb5 Bg1+ 56.Ke2 d4 57.a4 d3+
58.Kd2 Kxf4 59.a5 Kf3 60.Nc3 Be3+ 61.Kd1  0-1

[Event "Manila ol (Men)"]
[Site "Manila"]
[Date "1992.??.??"]
[Round "?"]
[White "Urday, Henry"]
[Black "Smirin, Ilia"]
[Result "0-1"]
[WhiteElo "2480"]
[BlackElo "2545"]

1.c4 g6 2.Nc3 Bg7 3.g3 c5 4.Bg2 Nc6 5.e3 e5 6.Nge2 Nge7 7.a3 O-O 8.O-O a5
9.b3 d6 10.Bb2 Bf5 11.Re1 Qd7 12.Na4 Ra6 13.d4 exd4 14.exd4 Bg4 15.dxc5 Bxb2
16.Nxb2 Ne5 17.f4 Nf3+ 18.Bxf3 Bxf3 19.Qd3 Bxe2 20.Rxe2 Qc7 21.Na4 dxc5 22.Rae1 Rd6
23.Qe3 Nf5 24.Qxc5 Qxc5+ 25.Nxc5 Nd4 26.Nxb7 Nxe2+ 27.Rxe2 Rd1+ 28.Kg2 Ra8
29.c5 Ra1 30.a4 Rc1 31.Re5 Rc3 32.c6 Rxc6 33.Nxa5 Rc2+ 34.Kh3 f6 35.Rd5 Re8
36.Kg4 Rxh2 37.Rd1 Re3 38.f5 g5 39.Rd8+ Kf7 40.Rh8 Kg7  0-1

[Event "Manila ol (Men)"]
[Site "Manila"]
[Date "1992.??.??"]
[Round "?"]
[White "Smirin, Ilia"]
[Black "Portisch, Lajos"]
[Result "1/2-1/2"]
[WhiteElo "2545"]
[BlackElo "2575"]

1.e4 c5 2.Nf3 Nc6 3.d4 cxd4 4.Nxd4 Qc7 5.Nc3 e6 6.Be2 a6 7.O-O Nf6 8.Be3 Be7
9.f4 d6 10.a4 O-O 11.Kh1 Bd7 12.Qe1 Kh8 13.Qg3 Nb4 14.Bd3 Nxd3 15.cxd3 Qa5
16.Ra2 e5 17.Nb3 Qd8 18.Raa1 Nh5 19.Qf3 Nxf4 20.Bxf4 Be6 21.Nd5 Bxd5 22.exd5 exf4
23.Qxf4 Bf6 24.Qb4 Bxb2 25.Rab1 Be5 26.Na5 Qg5 27.Nc4 Rab8 28.Qb6 Kg8 29.Rbe1 Qd8
30.Rb1 Re8 31.Nxe5 dxe5 32.d6 Qd7 33.Qc7 Red8 34.Rb6 h6 35.h3 Qe6 36.Rxb7 Rxb7
37.Qxb7 Rd7 38.Qa8+ Kh7 39.Qe4+ g6 40.d4 Rxd6 41.Qxe5 Kg8 42.Rb1 Qxe5 43.dxe5 Rd4
44.Rb8+ Kg7 45.Rb7 Kf8  1/2-1/2

[Event "Manila ol (Men)"]
[Site "Manila"]
[Date "1992.??.??"]
[Round "?"]
[White "Smirin, Ilia"]
[Black "Lputian, Smbat G"]
[Result "0-1"]
[WhiteElo "2545"]
[BlackElo "2560"]

1.b3 d5 2.Bb2 Nf6 3.Nf3 g6 4.c4 e6 5.g3 Bg7 6.Bg2 O-O 7.O-O b6 8.d4 Bb7 9.Nc3 Na6
10.Ne5 c5 11.e3 Qe7 12.cxd5 Nxd5 13.Nxd5 exd5 14.Nd3 Rfd8 15.Rc1 Nb4 16.Nxb4 cxb4
17.Qd2 a5 18.Rc2 a4 19.Rd1 h5 20.Bf1 h4 21.Bd3 Bf6 22.Bc1 hxg3 23.hxg3 Kg7
24.bxa4 Rh8 25.Rb2 Qe6 26.Bf1 Ba6 27.Bg2 Qg4 28.Rxb4 Qh5 29.Rb5 Bxb5 30.axb5 Rxa2
31.Qd3 Rc8 32.Rf1 Rcc2 33.Ba3 Rd2 34.Qb3 Qf5 35.Qb4 Kh7 36.g4 Rxf2 37.Bb2 Rfxb2
38.Rxf5 Rxb4 39.Rxf6 Rb1+ 40.Bf1 Kg7 41.g5 Raa1 42.Kg2 Rxf1 43.Rxf1 Rxf1
44.Kxf1 f6  0-1

[Event "Manila ol (Men)"]
[Site "Manila"]
[Date "1992.??.??"]
[Round "?"]
[White "Shabalov, Alexander"]
[Black "Smirin, Ilia"]
[Result "1-0"]
[WhiteElo "2535"]
[BlackElo "2545"]

1.e4 c5 2.Nf3 d6 3.d4 cxd4 4.Nxd4 Nf6 5.Nc3 Nc6 6.Bg5 e6 7.Qd2 Be7 8.O-O-O O-O
9.f4 h6 10.h4 Nxd4 11.Qxd4 a6 12.Be2 Qa5 13.Bf3 Rd8 14.g4 Bd7 15.Bxh6 gxh6
16.g5 Ne8 17.Rdg1 h5 18.Bxh5 Bf8 19.f5 Qe5 20.Qd2 exf5 21.g6 fxg6 22.Rxg6+ Kh7
23.Rhg1 fxe4 24.Rh6+ Bxh6 25.Bg6+ Kg7 26.Bxe8+ Kh7 27.Bg6+ Kg7 28.Bxe4+ Kf7
29.Qxh6 Rh8 30.Bd5+ Ke8 31.Qd2 Kd8 32.Re1 Qh5 33.Ne4 Qh6 34.Ng5 Kc7 35.Re7 Rae8
36.Qa5+ b6 37.Qc3+ Kd8 38.Rxd7+ Kxd7 39.Qc6+ Ke7 40.Qc7+ Kf6 41.Qxd6+ Kf5
42.Qd7+ Ke5 43.Bf7 Qf8 44.Qd5+ Kf6 45.Qf3+ Ke7 46.Qb7+ Kf6 47.Qxb6+ Kf5 48.Qf2+ Ke5
49.Qg3+ Kf6 50.Qf4+ Ke7 51.Qc7+ Kf6 52.Qc6+ Ke5 53.Qd5+ Kf6 54.Qf3+ Ke7 55.Qb7+ Kd8
56.Qb8+ Ke7 57.Qa7+ Kd8 58.Qa8+ Ke7 59.Qa7+ Kd8 60.Qb6+ Ke7 61.Qe6+ Kd8 62.Qb6+ Ke7
63.Qxa6 Rb8 64.Qa7+ Kd6 65.Qd4+ Kc6 66.Bd5+ Kd7 67.Nf7 Rh6 68.Qg4+ Kc7 69.Qf4+ Rd6
70.Qxd6+ Qxd6 71.Nxd6 Kxd6 72.Bf7 Rf8 73.Bg6 Rf1+ 74.Kd2 Rf2+ 75.Ke3 Rh2
76.h5 Ke5 77.Kd3 Kd5 78.Kc3  1-0

[Event "Alekhine op"]
[Site "Moscow"]
[Date "1992.??.??"]
[Round "?"]
[White "Smirin, Ilia"]
[Black "Psakhis, Lev"]
[Result "1/2-1/2"]
[WhiteElo "2555"]
[BlackElo "2570"]

1.e4 c5 2.Nf3 e6 3.d4 cxd4 4.Nxd4 Nf6 5.Nc3 d6 6.Be2 Be7 7.O-O O-O 8.f4 a6
9.a4 Qc7 10.Kh1 b6 11.Bf3 Bb7 12.Be3 Nbd7 13.Qe2 Rfe8 14.Rad1 e5 15.Nf5 Bf8
16.fxe5 dxe5 17.Qf2 Bc6 18.Qg3 Kh8 19.Bg5 b5  1/2-1/2

[Event "Alekhine op"]
[Site "Moscow"]
[Date "1992.??.??"]
[Round "?"]
[White "Smirin, Ilia"]
[Black "Dolmatov, Sergey"]
[Result "1/2-1/2"]
[WhiteElo "2555"]
[BlackElo "2610"]

1.e4 e6 2.d4 d5 3.Nc3 Nf6 4.Bg5 dxe4 5.Nxe4 Nbd7 6.Nf3 h6 7.Bh4 Be7 8.Nxf6+ Nxf6
9.Bd3 c5 10.dxc5 Qa5+ 11.c3 Qxc5 12.O-O O-O 13.Qe2  1/2-1/2

[Event "Alekhine op"]
[Site "Moscow"]
[Date "1992.??.??"]
[Round "?"]
[White "Panchenko, Alexander N"]
[Black "Smirin, Ilia"]
[Result "0-1"]
[WhiteElo "2465"]
[BlackElo "2555"]

1.Nf3 Nf6 2.c4 g6 3.b4 Bg7 4.Bb2 d6 5.e3 e5 6.d3 O-O 7.Nbd2 Nbd7 8.Be2 b6
9.O-O Bb7 10.Qc2 Qe7 11.a4 a5 12.bxa5 Rxa5 13.Nb3 Ra7 14.a5 e4 15.Nfd4 Ne5
16.Nb5 Nf3+ 17.gxf3 exf3 18.Rfb1 Ng4 19.h3 Nxe3 20.fxe3 Qxe3+ 21.Kf1 fxe2+
22.Qxe2 Qxh3+ 23.Ke1 Bh6 24.Nd2 Qh1+ 25.Qf1 Qh2 26.Bc3 Bg2 27.Ne4 Re8 28.Qf2 Qh1+
29.Ke2 Qh5+ 30.Ke1 Bxe4 31.dxe4 Rxe4+ 32.Kf1 Qh1+ 33.Qg1 Qf3+ 34.Qf2 Qd3+
35.Kg2 Rg4+  0-1

[Event "Alekhine op"]
[Site "Moscow"]
[Date "1992.??.??"]
[Round "?"]
[White "Smirin, Ilia"]
[Black "Sakaev, Konstantin"]
[Result "1-0"]
[WhiteElo "2555"]
[BlackElo "2540"]

1.e4 c5 2.Nf3 e6 3.b3 b6 4.c4 Bb7 5.Nc3 Nc6 6.Bb2 Be7 7.d4 cxd4 8.Nxd4 Nf6
9.Nxc6 Bxc6 10.Bd3 Qb8 11.Qe2 d6 12.O-O O-O 13.f4 a6 14.a4 Nd7 15.Nd5 Bd8
16.Rf3 Re8 17.Bxg7 Kxg7 18.Rg3+ Kf8 19.Qh5 Bxd5 20.Qh6+ Ke7 21.exd5 e5 22.Rg7 Nf6
23.Rf1 e4 24.Re1 Qa7 25.Bxe4 b5+ 26.Kf1 Ba5 27.Bg6+ Kd8 28.Rxe8+ Kxe8 29.Rxf7 Qxf7
30.Bxf7+ Kxf7 31.g4 Re8 32.h3 Re1+ 33.Kg2 Bd2 34.g5 Re2+ 35.Kf1 Re1+ 36.Kf2 Ne4+
37.Kf3 bxc4 38.Qxh7+ Kf8 39.Qh6+ Ke7 40.bxc4 Bc3 41.Qe6+ Kf8 42.Qxe4 Rxe4
43.Kxe4 Kf7 44.Kf5 Be1 45.Kg4 Kg6 46.h4 Bc3 47.h5+ Kf7 48.f5 Kg7 49.f6+  1-0

[Event "Tel Aviv"]
[Site "Tel Aviv"]
[Date "1992.??.??"]
[Round "1"]
[White "Smirin, Ilia"]
[Black "Berkovich, Mark A"]
[Result "1-0"]
[WhiteElo "2545"]
[BlackElo "2455"]

1.d4 d5 2.c4 e6 3.Nc3 Bb4 4.a3 Bxc3+ 5.bxc3 dxc4 6.e4 c5 7.Bxc4 Nf6 8.e5 Nd5
9.Qg4 g6 10.Nf3 Nc6 11.O-O f5 12.exf6 Qxf6 13.Bh6 Qf5 14.Qh4 Qh5 15.Qxh5 gxh5
16.Rfe1 Kf7 17.Bd3 cxd4 18.cxd4 Bd7 19.Rab1 b6 20.Re4 Rhg8 21.Rh4 Rg4 22.Rxh5 Nf6
23.Rg5 Rg8 24.h3 R4xg5 25.Nxg5+ Ke7 26.Nxh7 Nxh7 27.Bxh7 Rh8 28.Bg5+ Kf7
29.Bd3 Nxd4 30.Rc1 e5 31.Rc7 Ke6 32.Rxa7 Kd6 33.f4  1-0

[Event "Tel Aviv"]
[Site "Tel Aviv"]
[Date "1992.??.??"]
[Round "2"]
[White "Fishbein, Alexander"]
[Black "Smirin, Ilia"]
[Result "0-1"]
[WhiteElo "2495"]
[BlackElo "2545"]

1.e4 c5 2.Nf3 d6 3.d4 cxd4 4.Nxd4 Nf6 5.Nc3 Nc6 6.Bg5 e6 7.Qd2 Be7 8.O-O-O O-O
9.f4 h6 10.Bh4 Nxd4 11.Qxd4 a6 12.Bc4 b5 13.Bb3 Qc7 14.Bxf6 Bxf6 15.Qxd6 Qa7
16.e5 Rd8 17.Qb4 Be7 18.Rxd8+ Bxd8 19.Rd1 Bb7 20.Kb1 Qf2 21.a4 Bxg2 22.axb5 Bf3
23.Qd4 Qxh2 24.Rf1 Bg2 25.Rg1 Bh4 26.f5 Bh3 27.f6 g5 28.Rd1 axb5 29.Nxb5 Bg3
30.Rd2 Qh1+ 31.Rd1 Qf3 32.Qd3 g4 33.Qd7 Bxe5 34.Bxe6 Qxf6 35.Bxg4 Bxb2 36.c3 Qf2
37.Rd2 Qg1+ 38.Kxb2 Bxg4 39.Qd5 Qa1+ 40.Kc2 Ra2+ 41.Kb3 Be6 42.Qxe6 Qb1+  0-1

[Event "Tel Aviv"]
[Site "Tel Aviv"]
[Date "1992.??.??"]
[Round "3"]
[White "Smirin, Ilia"]
[Black "Vaisser, Anatoli"]
[Result "0-1"]
[WhiteElo "2545"]
[BlackElo "2580"]

1.e4 e6 2.d4 d5 3.Nc3 Nf6 4.Bg5 Bb4 5.exd5 Qxd5 6.Bxf6 Bxc3+ 7.bxc3 gxf6
8.Qd2 c5 9.Ne2 cxd4 10.cxd4 Nc6 11.Qf4 Ke7 12.c3 Qa5 13.g3 Rd8 14.Qe3 e5
15.Bg2 Nxd4 16.Nxd4 Rxd4 17.O-O Rc4 18.Rab1 Rb8 19.Qd3 Rxc3 20.Qxh7 Be6 21.Rxb7+ Rxb7
22.Bxb7 Qxa2 23.Qe4 Qa5 24.Ba8 Rc4 25.Qe3 Qc5 26.Qd2 Rc2 27.Qd3 a5 28.Be4 Rb2
29.Bf5 Bc4 30.Qc3 Qb4 31.Rc1 Qxc3 32.Rxc3 Bd5 33.Rc5 Rd2 34.Kf1 Bf3 35.Bc2 Kd6
36.Rc3 e4 37.Ke1 Rd5 38.h4 Rc5 39.Kd2 Rxc3 40.Kxc3 Kc5 41.Bb3 Bh5 42.g4 Bxg4
43.Bxf7 Kd6 44.h5 Bf5 45.Bg8 Ke7 46.h6 Kf8 47.Bb3 Bh7 48.Kd4 Ke7 49.Bd1 Kf7
50.f3 exf3 51.Bxf3 Kg6 52.Kc5 Kxh6 53.Kb5 f5 54.Kxa5 Kg5 55.Kb4 Kh4 56.Kc3 Kg3
57.Bd5 f4 58.Kd2 Bf5 59.Kc3 Bh3 60.Kd4 Bg2 61.Bc4  0-1

[Event "Tel Aviv"]
[Site "Tel Aviv"]
[Date "1992.??.??"]
[Round "4"]
[White "Khenkin, Igor"]
[Black "Smirin, Ilia"]
[Result "1/2-1/2"]
[WhiteElo "2530"]
[BlackElo "2545"]

1.d4 Nf6 2.Nf3 g6 3.c4 Bg7 4.Nc3 O-O 5.e4 d6 6.Be2 e5 7.dxe5 dxe5 8.Qxd8 Rxd8
9.Bg5 Re8 10.Nd5 Nxd5 11.cxd5 c6 12.Bc4 cxd5 13.Bxd5 Nc6 14.O-O-O  1/2-1/2

[Event "Tel Aviv"]
[Site "Tel Aviv"]
[Date "1992.??.??"]
[Round "5"]
[White "Smirin, Ilia"]
[Black "Rechlis, Gad"]
[Result "1-0"]
[WhiteElo "2545"]
[BlackElo "2515"]

1.e4 d5 2.exd5 Nf6 3.d4 Nxd5 4.c4 Nb6 5.Nf3 g6 6.h3 Bg7 7.Nc3 O-O 8.Be3 Nc6
9.Qd2 Re8 10.O-O-O e5 11.d5 Na5 12.b3 e4 13.Nd4 c5 14.dxc6 bxc6 15.c5 Nd7
16.b4 Nb7 17.Nxc6 Qf6 18.Bd4 Qxc6 19.Bb5 e3 20.fxe3 Qe6 21.Bxg7 Kxg7 22.Bxd7 Bxd7
23.Qxd7 Qxe3+ 24.Kc2 a5 25.Qxb7 Qf2+ 26.Rd2 Qf5+ 27.Kd1 Rad8 28.Qf3 Qg5 29.Nd5 Qe5
30.Kc2 axb4 31.Rhd1 Ra8 32.Nxb4 Rec8 33.Rd5 Qe7 34.Qc3+ Kg8 35.a3 Qe4+ 36.Kb2 Qxg2+
37.R1d2  1-0

[Event "Tel Aviv"]
[Site "Tel Aviv"]
[Date "1992.??.??"]
[Round "8"]
[White "Smirin, Ilia"]
[Black "Gofshtein, Leonid D"]
[Result "1-0"]
[WhiteElo "2545"]
[BlackElo "2485"]

1.e4 c5 2.Nf3 e6 3.d4 cxd4 4.Nxd4 Nf6 5.Nc3 d6 6.Be2 a6 7.O-O Be7 8.f4 Qc7
9.Kh1 Nc6 10.Be3 O-O 11.a4 Re8 12.Bd3 Nxd4 13.Bxd4 e5 14.Be3 exf4 15.Rxf4 Be6
16.Nd5 Bxd5 17.exd5 g6 18.Qf3 Nd7 19.Bd4 f6 20.Rh4 Nf8 21.Bxf6 Bxf6 22.Qxf6 Re7
23.Rc4 Qd7 24.Rf1 Rae8 25.h4 Re1 26.Rxe1 Rxe1+ 27.Kh2 Qe7 28.Qxe7 Rxe7 29.g4 Kg7
30.Kg3 h6 31.Rc8 Kf7 32.Rd8 Nd7 33.Kf4 a5 34.Bb5 g5+ 35.hxg5 hxg5+ 36.Kxg5 Nf6
37.Bd3 Nxd5 38.Rxd6 Re5+ 39.Bf5 Ne7 40.Rb6 Nxf5  1-0

[Event "Tel Aviv"]
[Site "Tel Aviv"]
[Date "1992.??.??"]
[Round "10"]
[White "Smirin, Ilia"]
[Black "Davies, Nigel R"]
[Result "1/2-1/2"]
[WhiteElo "2545"]
[BlackElo "2460"]

1.d4 Nf6 2.c4 e6 3.Nc3 Bb4 4.f3 c5 5.d5 Bxc3+ 6.bxc3 Qa5 7.e4 d6 8.Ne2 e5
9.Bd2 Nbd7 10.Ng3 Nf8 11.Qb3 Qc7 12.h4 h6 13.h5 N8h7 14.Rb1 O-O 15.Bd3 Rb8
16.O-O Kh8 17.Qa3  1/2-1/2

[Event "Tilburg"]
[Site "Tilburg"]
[Date "1992.??.??"]
[Round "1"]
[White "Kosten, Anthony C"]
[Black "Smirin, Ilia"]
[Result "1/2-1/2"]
[WhiteElo "2515"]
[BlackElo "2555"]

1.c4 g6 2.Nc3 Bg7 3.g3 Nf6 4.Bg2 O-O 5.e4 c5 6.Nge2 Nc6 7.d3 a6 8.O-O d6
9.Rb1 Bg4 10.f3 Bd7 11.a4 Ne8 12.Be3 Nc7 13.d4 cxd4 14.Nxd4 Nxd4 15.Bxd4 Bxd4+
16.Qxd4 b5 17.b4 Ne6 18.Qe3 bxc4 19.f4 Bc6 20.f5 Ng7 21.g4 Rc8 22.Rf3 f6
23.Qh6 gxf5 24.gxf5 Rf7 25.Kh1 Kh8 26.Rh3 Qg8 27.Rg1 Ne8 28.Bf3 Rg7 29.Rxg7 Qxg7
30.Qh4 Bb7 31.Rg3 Qf7 32.Bh5 Qf8 33.Bg6 Qg8 34.Rh3 d5 35.exd5 Bxd5+ 36.Kg1 e6
37.Qxh7+ Qxh7 38.Rxh7+ Kg8 39.Rd7 Ng7 40.Bf7+ Kh8 41.fxe6 Bxe6 42.Bxe6 Nxe6
43.Rd6 Ng5 44.Rxa6 Rd8 45.h4 Nf3+ 46.Kf2 Rd3 47.Ne2 Ne5 48.b5 Rf3+ 49.Kg2 Rb3
50.b6 Kh7 51.Nd4 Rb2+ 52.Kg3 c3 53.Ra7+ Kg6 54.Nb5 c2 55.Rc7 Rb3+ 56.Kf2 Nd3+
57.Kg1 Rb1+ 58.Kh2 Rb2 59.Kg3 Nb4 60.b7 Na6 61.Rc4 Ra2 62.Nc7 Nb8 63.Nd5 Ra3+
64.Kf2 Rxa4 65.Rxc2 Rxh4 66.Rc8 Na6 67.Rc6 Rh7 68.Rxf6+ Kg5 69.Rb6 Kf5 70.Nb4 Nb8
71.Ke3  1/2-1/2

[Event "Tilburg"]
[Site "Tilburg"]
[Date "1992.??.??"]
[Round "1"]
[White "Smirin, Ilia"]
[Black "Adams, Michael"]
[Result "1/2-1/2"]
[WhiteElo "2555"]
[BlackElo "2610"]

1.e4 e5 2.Nf3 Nc6 3.Bb5 a6 4.Ba4 Nf6 5.O-O Be7 6.Re1 b5 7.Bb3 O-O 8.c3 d5
9.exd5 Nxd5 10.Nxe5 Nxe5 11.Rxe5 c6 12.d3 Bd6 13.Re1 Bf5 14.Nd2 Nf4 15.Qf3 Qd7
16.Ne4 Bg4 17.Qe3 Nxd3 18.Nxd6 Qxd6 19.Qe7 Rad8 20.Qxd6 Rxd6  1/2-1/2

[Event "Tilburg"]
[Site "Tilburg"]
[Date "1992.??.??"]
[Round "1"]
[White "Short, Nigel D"]
[Black "Smirin, Ilia"]
[Result "0-1"]
[WhiteElo "2680"]
[BlackElo "2555"]

1.e4 c5 2.Nc3 e6 3.Nf3 d6 4.g3 Nc6 5.Bg2 Nf6 6.d4 cxd4 7.Nxd4 Bd7 8.O-O Be7
9.a4 O-O 10.Kh1 Nxd4 11.Qxd4 Bc6 12.f4 a6 13.Be3 b5 14.axb5 axb5 15.e5 Bxg2+
16.Kxg2 Ng4 17.Bg1 dxe5 18.fxe5 b4 19.Ne2 Qxd4 20.Bxd4 Rac8 21.c3 bxc3 22.bxc3 Bc5
23.Rfc1 Rfd8 24.Ra4 Bxd4 25.cxd4 Rb8 26.Kh3 h5 27.Nf4 g6 28.Rc2 Rb1 29.Re2 Rb7
30.d5 exd5 31.Rd4 Re7 32.e6 Kg7 33.Kg2 Nf6 34.h4 Rd6 35.exf7 Rxe2+ 36.Nxe2 Kxf7
37.Nf4 Rc6 38.Rd3 Rc2+ 39.Kf3 Ng4 40.Nh3  0-1

[Event "Tilburg"]
[Site "Tilburg"]
[Date "1992.??.??"]
[Round "2"]
[White "Smirin, Ilia"]
[Black "Short, Nigel D"]
[Result "1-0"]
[WhiteElo "2555"]
[BlackElo "2680"]

1.e4 e6 2.d4 d5 3.Nc3 Bb4 4.e5 c5 5.a3 Bxc3+ 6.bxc3 Ne7 7.Qg4 Qc7 8.Qxg7 Rg8
9.Qxh7 cxd4 10.Ne2 Nbc6 11.f4 Bd7 12.Qd3 dxc3 13.Rb1 d4 14.Ng3 O-O-O 15.Ne4 Nxe5
16.fxe5 Qxe5 17.Qe2 Bc6 18.Ng3 Qh8 19.Qf2 Rg6 20.Bd3 Rf6 21.Qe2 Rd5 22.Ne4 Rff5
23.Kd1 Ng6 24.g3 Rfe5 25.Qg4 f5 26.Qxg6 fxe4 27.Bc4 e3 28.Rf1 d3 29.Bxe3 dxc2+
30.Kxc2 Rxe3 31.Bxd5 Bxd5 32.Kc1 Re2 33.Rb5 Bc6 34.Rc5 Qd8 35.Rd1 Re1 36.Qc2 Rxd1+
37.Qxd1 Qf6 38.Qd6 Qh6+ 39.Kc2 Qe3 40.Rxc3  1-0

[Event "Tilburg"]
[Site "Tilburg"]
[Date "1992.??.??"]
[Round "2"]
[White "Hansen, Curt"]
[Black "Smirin, Ilia"]
[Result "1/2-1/2"]
[WhiteElo "2635"]
[BlackElo "2555"]

1.c4 g6 2.Nc3 Bg7 3.g3 c5 4.Bg2 Nc6 5.e3 h5 6.h3 Nh6 7.Nge2 Nf5 8.b3 b6 9.Bb2 Bb7
10.d3 Qc8 11.Qd2 O-O 12.O-O-O Ne5 13.e4 Nd4 14.Nd5 Nec6 15.g4 e6 16.Ndc3 h4
17.f4 a6 18.Kb1 b5 19.e5 Nxe2 20.Qxe2 Nd4 21.Bxb7 Qxb7 22.Qe4 Qc7 23.Qe1 f6
24.exf6 Bxf6 25.Rf1 Bg7 26.Qe4 Kh7 27.Rd2 Rae8 28.Re1  1/2-1/2

[Event "Tilburg rapid"]
[Site "Tilburg"]
[Date "1992.??.??"]
[Round "3"]
[White "Smirin, Ilia"]
[Black "Hansen, Curt"]
[Result "1-0"]
[WhiteElo "2555"]
[BlackElo "2635"]

1.e4 d6 2.d4 Nf6 3.Bd3 e5 4.c3 Be7 5.Nf3 Nbd7 6.O-O O-O 7.Re1 c6 8.a4 Qc7
9.Nbd2 b6 10.Nf1 Re8 11.Ng3 Nf8 12.h3 Ne6 13.Bd2 Bf8 14.Qc2 Bb7 15.b4 a6
16.Rad1 Rac8 17.Bf1 g6 18.dxe5 dxe5 19.Be3 b5 20.Nd2 a5 21.bxa5 Qxa5 22.Nb3 Qc7
23.axb5 cxb5 24.Bxb5 Bc6 25.Ba6 Ra8 26.Ra1 h5 27.Nd2 Nc5 28.Bxc5 Bxc5 29.Nf3 Red8
30.Bc4 Ne8 31.Rad1 Nd6 32.Bb3 Qe7 33.Rd2 Ra3 34.Bd5 Ba4 35.Qb2 Kg7 36.Ra1 Nb5
37.Rxa3 Bxa3 38.Qa1 h4 39.Ne2 Nc7 40.Ra2 Nxd5 41.Rxa3 Ne3 42.Ned4 exd4 43.Rxa4 Nc2
44.Qc1 d3 45.e5 Qd7 46.Qg5 d2 47.Qf6+ Kg8 48.Rxh4 d1=Q+ 49.Kh2  1-0

[Event "Tilburg rapid"]
[Site "Tilburg"]
[Date "1992.??.??"]
[Round "3"]
[White "Kosten, Anthony C"]
[Black "Smirin, Ilia"]
[Result "0-1"]
[WhiteElo "2515"]
[BlackElo "2555"]

1.e4 c5 2.Nf3 d6 3.d4 cxd4 4.Nxd4 Nf6 5.Nc3 a6 6.f4 e6 7.Bd3 Be7 8.O-O O-O
9.Nf3 Nc6 10.a3 b5 11.b4 Bb7 12.Bb2 e5 13.Nd5 exf4 14.Nxf4 Ne5 15.Nxe5 dxe5
16.Bxe5 Re8 17.Bb2 Nxe4 18.Nh5 Qb6+ 19.Kh1 Nf2+ 20.Rxf2 Qxf2 21.Qg4 g6 22.Rg1 Qh4
23.Qd7 Qxh5 24.Qxb7 Bd6 25.g3 Be5 26.Bc1 Rad8 27.Rf1 Rf8 28.Kg2 Rd6 29.Qe4 Bg7
30.Bf4 Rd4 31.Qe7 Qd5+ 32.Kg1 Rxf4 33.Rxf4 Bd4+ 34.Kf1 Qh1+ 35.Ke2 Qxh2+
36.Kd1 Qxg3 37.Qe4 Bb2 38.Rf1 Bxa3 39.c3 Qh2 40.Qe2 Qxe2+ 41.Bxe2 Rc8 42.Rf3 h5
43.Kd2 Kg7 44.Rf1 Bb2 45.Rf3 f5 46.Kc2 Ba1 47.Kb3 h4 48.c4 bxc4+ 49.Bxc4 Rc6
50.Rf2 Be5 51.Ra2 h3 52.Bd5 Rb6 53.Kc4 Bd6 54.Rb2 Be5  0-1

[Event "Tilburg rapid"]
[Site "Tilburg"]
[Date "1992.??.??"]
[Round "4"]
[White "Smirin, Ilia"]
[Black "Van der Sterren, Paul"]
[Result "1/2-1/2"]
[WhiteElo "2555"]
[BlackElo "2530"]

1.e4 d6 2.d4 Nf6 3.f3 g6 4.c4 Bg7 5.Nc3 O-O 6.Be3 a6 7.Bd3 c5 8.Nge2 Nc6
9.d5 Ne5 10.O-O Nxd3 11.Qxd3 Nd7 12.Qd2 Ne5 13.b3 b5 14.cxb5 axb5 15.Nxb5 Ba6
16.a4 Bxb5 17.axb5 Rxa1 18.Rxa1 Nxf3+ 19.gxf3 Bxa1 20.b4 Qb6 21.bxc5 dxc5
22.Qc1 Bd4 23.Nxd4 cxd4 24.Qc6 Rb8 25.Bf4 d3+ 26.Kg2 Qxc6 27.bxc6 d2 28.c7 Rc8
29.Bxd2 Rxc7 30.Kg3 Rc4 31.h4 f6 32.Be3 Kf7 33.Kg4 f5+ 34.Kf4 Kf6 35.Bb6 h6
36.Bd8 g5+ 37.hxg5+ hxg5+ 38.Ke3 Rc8 39.e5+ Kxe5 40.Bxe7 f4+ 41.Kd3 Kxd5
42.Bxg5 Ke5 43.Ke2 Rc2+ 44.Kf1 Rh2 45.Bd8 Kd4 46.Bb6+ Kd3 47.Bc5 Ra2 48.Bb6 Ra6
49.Bc5 Rc6 50.Ba7 Re6 51.Kf2 Rh6 52.Bb8 Rf6 53.Bc7 Kd4 54.Bb8 Rf7 55.Bd6 Kd5
56.Bb8 Ke6 57.Ke2 Kf5 58.Kf2 Rd7 59.Ke2 Rb7 60.Bd6 Rb2+ 61.Kf1 Ra2 62.Bc7 Ra4
63.Kf2 Kg5 64.Bd8+ Kh5 65.Be7 Ra2+ 66.Kf1 Rd2 67.Kg1 Rd7 68.Bf6 Kg6 69.Be5 Kg5
70.Kg2 Rd5 71.Bc7 Rd2+ 72.Kg1 Rd4 73.Be5 Rd5 74.Bc7 Rd4 75.Be5 Rc4 76.Kg2 Rc2+
77.Kg1 Kf5 78.Bd6 Rc4 79.Kg2 Ke6 80.Bb8 Kd5 81.Kh3  1/2-1/2

[Event "Tilburg rapid"]
[Site "Tilburg"]
[Date "1992.??.??"]
[Round "4"]
[White "Hansen, Curt"]
[Black "Smirin, Ilia"]
[Result "1/2-1/2"]
[WhiteElo "2635"]
[BlackElo "2555"]

1.d4 Nf6 2.Nf3 g6 3.g3 Bg7 4.Bg2 O-O 5.O-O c5 6.d5 d6 7.c4 Na6 8.Nc3 Nc7
9.a4 e6 10.h3 exd5 11.cxd5 Re8 12.Re1 Ne4 13.Nxe4 Rxe4 14.Nd2 Rd4 15.e4 b6
16.Ra2 Na6 17.Ra3 Nb4 18.Bf1 f5 19.Rae3 Bd7 20.b3 fxe4 21.Bb2 Rxd5 22.Bxg7 Kxg7
23.Rxe4 Re5 24.Rxe5 dxe5 25.Nc4 Be6 26.Qe2 Qf6 27.Nxe5 Re8 28.Ng4 Qd4 29.Rd1 Bxg4
30.Qxe8 Bxd1 31.Qe7+ Kh6 32.Qf8+ Kh5 33.Qf7 Kh6 34.Qf8+ Kh5 35.Kh2 Nd5 36.Bg2 Nf6
37.f3 Qe5 38.f4 Qd4 39.Qe7 Kh6 40.Qf7 a6 41.Qf8+ Kh5 42.Qg7 b5 43.a5 c4 44.bxc4 bxc4
45.Qb7 c3 46.Qxa6 c2 47.Qc6 Kh6 48.a6 Nd7 49.Qc7 Bf3 50.Qxc2 Bxg2 51.Qxg2 Nb8
52.Qe2 Nxa6 53.Qxa6 Qf2+ 54.Kh1 Qf3+ 55.Kh2  1/2-1/2

[Event "Elenite"]
[Site "Elenite"]
[Date "1993.??.??"]
[Round "1"]
[White "Smirin, Ilia"]
[Black "Kolev, Atanas"]
[Result "1-0"]
[WhiteElo "2640"]
[BlackElo "2500"]

1.e4 e5 2.Nf3 Nc6 3.Bb5 a6 4.Ba4 Nf6 5.O-O Be7 6.Re1 b5 7.Bb3 O-O 8.d3 d6
9.c3 h6 10.Nbd2 Re8 11.a4 Bd7 12.Nf1 Bf8 13.h3 g6 14.a5 Be6 15.Ne3 Bg7 16.Bc2 Rc8
17.Bd2 Qd7 18.d4 exd4 19.Nxd4 Nxd4 20.cxd4 d5 21.e5 Ne4 22.b4 f5 23.f3 Nxd2
24.Qxd2 Qe7 25.Nd1 Bf8 26.Rb1 c6 27.Nf2 Qg5 28.f4 Qe7 29.Nd3 Qf7 30.Bd1 Be7
31.Rc1 Rc7 32.Bf3 Kh7 33.Rc2 Rec8 34.Rec1 Qg8 35.Kh2 Qf7 36.Rc3 Bf8 37.R1c2 Qd7
38.Qc1 Be7 39.g3 Bf8 40.Kg2 Be7 41.Qe3 Rg8 42.Kf1 Rgc8 43.Ke1 Qe8 44.Kd1 Qf8
45.Rb2 Qg7 46.Kc1 Qf8 47.Kb1 Qe8 48.Qc1 Qf8 49.Ka2 Qe8 50.Rbc2 Qd7 51.Ka3 Qe8
52.g4 Qd7 53.Rg2 Rg8 54.Qd1 Qd8 55.Rc1 Rg7 56.Kb2 Qf8 57.Qd2 Qb8 58.Qe1 Qd8
59.Rgc2 Qd7 60.Qg1 Bf8 61.Rg2 Qd8 62.Qf2 Be7 63.Rcg1 Kh8 64.Qd2 Kh7 65.Qd1 Kh8
66.h4 Bf8 67.Qe2 Qe8 68.Kb3 Qc8 69.h5 gxh5 70.g5 Rg8 71.Rh2 Rh7 72.Rxh5 Bf7
73.Rh3 Qe6 74.Rgh1 Be8 75.Qc2 Bg6 76.Qh2 Be8 77.Rh4 Bg6 78.Rh3 Be8 79.Bh5 Bxh5
80.Rxh5 Rg6 81.Qc2 Kg8 82.Ne1 Qe7 83.Qc3 Qf7 84.Nf3 Re6 85.Qe1 Kh8 86.R5h2 Be7
87.Qd2 Qg8 88.Nh4 Rf7 89.Qd3 Bf8 90.Qh3 Qh7 91.g6 Rxg6 92.Nxg6+ Qxg6 93.Rg2 Qe6
94.Rhg1  1-0

[Event "Elenite"]
[Site "Elenite"]
[Date "1993.??.??"]
[Round "2"]
[White "Sokolov, Ivan"]
[Black "Smirin, Ilia"]
[Result "1/2-1/2"]
[WhiteElo "2610"]
[BlackElo "2640"]

1.d4 Nf6 2.c4 g6 3.Nc3 Bg7 4.e4 d6 5.f3 O-O 6.Bg5 c5 7.d5 e6 8.Nge2 h6 9.Be3 exd5
10.cxd5 h5 11.Nf4 Nbd7 12.Be2 a6 13.a4 Ne5 14.O-O Bd7 15.Qd2 Rb8 16.a5 Ne8
17.Na4 Bxa4 18.Rxa4 Nc7 19.Nd3 Nd7 20.Rc4 b5 21.axb6 Nxb6 22.Rcc1 Nb5 23.Kh1 Rc8
24.Nf2 Re8 25.Ra1 Ra8 26.Ra2 Nd4 27.Rxa6 Rxa6 28.Bxa6 Qa8 29.Bd3 Qa2 30.Nd1 Nc4
31.Bxc4 Qxc4 32.Re1 Be5 33.Nf2 Rb8 34.Nd3 Bg7 35.Bf4 Rb6 36.h3 Qb3 37.e5 dxe5
38.Rxe5 Bxe5 39.Bxe5 Nxf3 40.gxf3 Qxd5 41.Qh6 Qxf3+ 42.Kh2 f6 43.Qxg6+ Kh8
44.Qe8+ Kg7 45.Qd7+ Kh6 46.Bf4+ Kg6 47.Bc1 Rb7 48.Qe8+ Kg7 49.Ne1 Qf5 50.Ng2 Qe5+
51.Qxe5 fxe5 52.Kg3 Rb3+ 53.Ne3 Kf6 54.Kf2 Ke6 55.Kf3  1/2-1/2

[Event "Elenite"]
[Site "Elenite"]
[Date "1993.??.??"]
[Round "5"]
[White "Smirin, Ilia"]
[Black "Adams, Michael"]
[Result "1/2-1/2"]
[WhiteElo "2640"]
[BlackElo "2630"]

1.e4 e5 2.Nf3 Nc6 3.Bb5 a6 4.Ba4 Nf6 5.O-O Be7 6.Re1 b5 7.Bb3 O-O 8.d3 d6
9.c3 Na5 10.Bc2 c5 11.Nbd2 Re8 12.Nf1 h6 13.a4 b4 14.Ne3 Bf8 15.cxb4 cxb4
16.b3 d5 17.exd5 Nxd5 18.Nxd5 Qxd5 19.d4 e4 20.Ne5 Bf5 21.Bb2 Rac8 22.Rc1 Bd6
23.f3 Bxe5 24.dxe5 Qxd1 25.Rexd1 Rc5 26.g4 Be6 27.Bxe4 Nxb3 28.Rb1 Ra5 29.Rd6 Nc5  1/2-1/2